Ảnh hưởng của độ mặn khác nhau lên sự điều hòa áp suất thẩm thấu và tăng trưởng của lươn đồng ( Monopterus albus) giai đoạn giống : Luận văn tốt nghiệp Cao học. Chuyên ngành: Nuôi trồng thủy sản
Nội dung luận văn nghiên xác định khả năng biến đổi ASTT và ion của lươn đồng ở các độ mặn khác nhau. Xác định sự tăng trưởng và tỉ lệ sống của lươn đồng sau 90 ngày nuôi ở các độ mặn khác nhau. Đánh giá sự điều hòa ASTT, ion và nồng...
সংরক্ষণ করুন:
| প্রধান লেখক: | |
|---|---|
| বিন্যাস: | গ্রন্থ |
| ভাষা: | Undetermined |
| প্রকাশিত: |
Cần Thơ
Trường Đại học Cần Thơ
2010
|
| বিষয়গুলি: | |
| ট্যাগগুলো: |
ট্যাগ যুক্ত করুন
কোনো ট্যাগ নেই, প্রথমজন হিসাবে ট্যাগ করুন!
|
| Thư viện lưu trữ: | Trung tâm Học liệu Trường Đại học Cần Thơ |
|---|
| LEADER | 01464nam a2200217Ia 4500 | ||
|---|---|---|---|
| 001 | CTU_160450 | ||
| 008 | 210402s9999 xx 000 0 und d | ||
| 082 | |a 639.37 | ||
| 082 | |b Th523 | ||
| 088 | |a 60620301 | ||
| 100 | |a Nguyễn, Hương Thùy | ||
| 245 | 0 | |a Ảnh hưởng của độ mặn khác nhau lên sự điều hòa áp suất thẩm thấu và tăng trưởng của lươn đồng ( Monopterus albus) giai đoạn giống : | |
| 245 | 0 | |b Luận văn tốt nghiệp Cao học. Chuyên ngành: Nuôi trồng thủy sản | |
| 245 | 0 | |c Nguyễn Hương Thùy; Đỗ Thị Thanh Hương ( Cán bộ hướng dẫn ) | |
| 260 | |a Cần Thơ | ||
| 260 | |b Trường Đại học Cần Thơ | ||
| 260 | |c 2010 | ||
| 520 | |a Nội dung luận văn nghiên xác định khả năng biến đổi ASTT và ion của lươn đồng ở các độ mặn khác nhau. Xác định sự tăng trưởng và tỉ lệ sống của lươn đồng sau 90 ngày nuôi ở các độ mặn khác nhau. Đánh giá sự điều hòa ASTT, ion và nồng độ glucose, cortisol sau 90 ngày nuôi ở các độ mặn khác nhau. | ||
| 650 | |a Aquaculture,Eel fisheries,Nuôi trồng thủy sản,Lươn đồng,Freshwater fishes | ||
| 904 | |i Năm | ||
| 980 | |a Trung tâm Học liệu Trường Đại học Cần Thơ | ||